000 00552nam a22002057a 4500
003 OSt
005 20150109154748.0
008 141209b xxu||||| |||| 00| 0 eng d
040 _cBMC
050 0 0 _aPQ7539.S3
_bM86
082 _aSv861
100 0 _aSalarrué
_929497
245 1 0 _aMundo nomasito
_b: una isla en el cielo
_cSalarrué
250 _a1ª ed
260 _aSan Salvador
_bEditorial Universitaria de El Salvador
_c1975
300 _a183 p.
_c18 cm
490 _aTesitescatl
_v1
650 2 4 _921923
_aPoesía salvadoreña
942 _2ddc
_cBK
999 _c16634
_d16634